[Event "Benidorm 2003 - sub2300"]
[Site "Benidorm ESP"]
[Date "2003.11.22"]
[Round "2.29"]
[White "Garcia Amoros, Pablo"]
[Black "Babataeva, Indira"]
[Result "1/2-1/2"]
[WhiteElo "2211"]
[BlackElo "2122"]
[PlyCount "43"]
[EventDate "2003.11.21"]
[EventType "swiss"]
[EventRounds "9"]
[EventCountry "ESP"]
[Source "lmi"]
[SourceDate "2003.11.21"]

1. e4 c5 2. Nf3 Nc6 3. d4 cxd4 4. Nxd4 Nf6 5. Nc3 e5 6. Ndb5 d6 7. Bg5 a6 8.
Na3 b5 9. Nd5 Be7 10. Bxf6 Bxf6 11. c3 Bg5 12. Nc2 Ne7 13. Nce3 Bb7 14. Nxe7
Bxe7 15. Qg4 Bg5 16. Nf5 g6 17. Nxd6+ Qxd6 18. Qxg5 Bxe4 19. Rd1 Qe6 20. Bd3
Bd5 21. O-O O-O 22. Rfe1 1/2-1/2

[Event "Benidorm 2003 - sub2300"]
[Site "Benidorm ESP"]
[Date "2003.11.22"]
[Round "2.30"]
[White "Carretero Ajo, Jesus"]
[Black "Fernandez De Pablo, Miguel"]
[Result "0-1"]
[WhiteElo "2110"]
[BlackElo "2209"]
[PlyCount "208"]
[EventDate "2003.11.21"]
[EventType "swiss"]
[EventRounds "9"]
[EventCountry "ESP"]
[Source "lmi"]
[SourceDate "2003.11.21"]

1. e4 c5 2. Nf3 Nc6 3. c3 d5 4. exd5 Qxd5 5. d4 e6 6. Be2 cxd4 7. cxd4 Nf6 8.
Nc3 Qd6 9. O-O Be7 10. Nb5 Qd8 11. Ne5 Nb4 12. Qa4 O-O 13. Bd2 Nbd5 14. Rac1 a6
15. Nc3 b5 16. Qb3 Qb6 17. Nxd5 Nxd5 18. Be3 Bf6 19. Bf3 Rd8 20. Rc6 Qb8 21.
Ng4 Be7 22. Rfc1 Bb7 23. R6c2 Bd6 24. Bd2 h5 25. Ne3 Nxe3 26. Qxe3 Bxh2+ 27.
Kf1 Bd6 28. Ba5 Rd7 29. Bxh5 Bf4 30. Qh3 Bxc1 31. Rxc1 Qf4 32. Re1 Re8 33. Bc3
Bd5 34. a3 g6 35. Bf3 Kg7 36. Bxd5 Rxd5 37. g3 Qf3 38. Re3 Qd1+ 39. Re1 Qd3+
40. Kg1 Rh8 41. Qg2 Rc8 42. Re3 Qb1+ 43. Re1 Qf5 44. Re4 g5 45. g4 Qg6 46. Qf3
a5 47. Qe3 b4 48. axb4 axb4 49. Bxb4 Rc1+ 50. Kg2 Qh7 51. Qxc1 Qxe4+ 52. f3
Qe2+ 53. Kg3 Qd3 54. Qc8 Qh7 55. Bf8+ Kg6 56. Qc2+ f5 57. Qc6 Qf7 58. gxf5+
Qxf5 59. Bc5 Qf4+ 60. Kg2 Qd2+ 61. Kg3 Qf4+ 62. Kg2 Qf7 63. b4 Rf5 64. Qe4 Kh6
65. Bd6 Qg6 66. Be5 Kh7 67. Qa8 Qf7 68. Qe4 Qd7 69. Qg4 Kg6 70. Qe4 Kf7 71. Qg4
Qb7 72. Qh5+ Ke7 73. Qh7+ Rf7 74. Qh5 Qxb4 75. Qxg5+ Kd7 76. Qc1 Qb7 77. Qa3
Qb6 78. Qa4+ Ke7 79. Qa3+ Ke8 80. Qa8+ Qd8 81. Qxd8+ Kxd8 82. f4 Kd7 83. Kf3
Kc6 84. Ke4 Rf5 85. Kd3 Kd5 86. Ke3 Rh5 87. Kf3 Rh1 88. Ke3 Rh3+ 89. Kf2 Ke4
90. Kg2 Rb3 91. Kf2 Rf3+ 92. Ke2 Rd3 93. Kf2 Re3 94. Kg2 Rf3 95. Bc7 Rxf4 96.
Bb6 Rf3 97. Bc5 Rd3 98. Kf2 Rd2+ 99. Ke1 Rxd4 100. Bxd4 Kxd4 101. Ke2 Ke4 102.
Kd2 Kf3 103. Ke1 Ke3 104. Kd1 e5 0-1

[Event "Benidorm 2003 - sub2300"]
[Site "Benidorm ESP"]
[Date "2003.11.22"]
[Round "2.31"]
[White "Cordon Gutierrez, Juan Pedro"]
[Black "Llavador Moron, Juan Jose"]
[Result "1/2-1/2"]
[WhiteElo "2209"]
[BlackElo "2108"]
[PlyCount "87"]
[EventDate "2003.11.21"]
[EventType "swiss"]
[EventRounds "9"]
[EventCountry "ESP"]
[Source "lmi"]
[SourceDate "2003.11.21"]

1. c4 Nf6 2. Nc3 c5 3. g3 d5 4. cxd5 Nxd5 5. Bg2 Nc7 6. Nf3 Nc6 7. O-O e5 8. d3
Be7 9. Bd2 Be6 10. Rc1 f6 11. Na4 b6 12. a3 Rc8 13. b4 Nd4 14. Nxd4 cxd4 15.
Bb7 Rb8 16. Bc6+ Bd7 17. Qb3 Bxc6 18. Rxc6 Qd5 19. Qxd5 Nxd5 20. e4 dxe3 21.
fxe3 Kd7 22. Rfc1 Rhc8 23. Rxc8 Rxc8 24. Rxc8 Kxc8 25. e4 Nc7 26. Nc3 b5 27. g4
g6 28. Kf2 Kd7 29. Ne2 Ne6 30. Bc3 a6 31. Ke3 Bd8 32. h4 Bb6+ 33. Kf3 Bc7 34.
Bb2 Bb6 35. g5 fxg5 36. Bxe5 gxh4 37. Bf6 h6 38. d4 Ng5+ 39. Bxg5 hxg5 40. Kg4
Bc7 41. Nc1 Bb6 42. Nb3 Ke7 43. Kh3 Kd6 44. Kg4 1/2-1/2

[Event "Benidorm 2003 - sub2300"]
[Site "Benidorm ESP"]
[Date "2003.11.22"]
[Round "2.32"]
[White "Ceballos Hornero, Daniel"]
[Black "Fernandez Otero, Jose"]
[Result "1/2-1/2"]
[WhiteElo "2207"]
[BlackElo "2104"]
[PlyCount "32"]
[EventDate "2003.11.21"]
[EventType "swiss"]
[EventRounds "9"]
[EventCountry "ESP"]
[Source "lmi"]
[SourceDate "2003.11.21"]

1. c4 e5 2. Nc3 Nc6 3. Nf3 Nf6 4. e3 Bb4 5. Qc2 O-O 6. Nd5 Re8 7. Qf5 Nxd5 8.
cxd5 Ne7 9. Qxe5 d6 10. Qg5 h6 11. Qh4 Nxd5 12. Qxd8 Rxd8 13. Bc4 Nf6 14. a3 d5
15. Be2 Bd6 16. d3 Re8 1/2-1/2

[Event "Benidorm 2003 - sub2300"]
[Site "Benidorm ESP"]
[Date "2003.11.22"]
[Round "2.33"]
[White "Pellicer Coloma, Pedro"]
[Black "Perez Lopez, Jesus Maria"]
[Result "0-1"]
[WhiteElo "2103"]
[BlackElo "2205"]
[PlyCount "52"]
[EventDate "2003.11.21"]
[EventType "swiss"]
[EventRounds "9"]
[EventCountry "ESP"]
[Source "lmi"]
[SourceDate "2003.11.21"]

1. d4 d5 2. Nf3 c6 3. e3 Nf6 4. Bd3 Bg4 5. O-O e6 6. Nbd2 Nbd7 7. Re1 Bd6 8. e4
dxe4 9. Nxe4 Nxe4 10. Rxe4 Bh5 11. Bf4 Nf6 12. Bg5 h6 13. Bxf6 Qxf6 14. g4 Bg6
15. Re1 O-O-O 16. Bxg6 Qxg6 17. Ne5 Bxe5 18. Rxe5 h5 19. g5 f6 20. Ra5 Rd5 21.
Rxd5 exd5 22. Qd2 Re8 23. Kf1 Qe4 24. Kg1 Qg4+ 25. Kf1 Qh3+ 26. Kg1 Re4 0-1

[Event "Benidorm 2003 - sub2300"]
[Site "Benidorm ESP"]
[Date "2003.11.22"]
[Round "2.34"]
[White "Nunez Garcia, Alberto"]
[Black "Fossum, Oystein Boyum"]
[Result "0-1"]
[WhiteElo "2205"]
[BlackElo "2098"]
[PlyCount "130"]
[EventDate "2003.11.21"]
[EventType "swiss"]
[EventRounds "9"]
[EventCountry "ESP"]
[Source "lmi"]
[SourceDate "2003.11.21"]

1. e4 c5 2. Nf3 g6 3. d4 cxd4 4. Nxd4 Bg7 5. c4 Nc6 6. Be3 Nf6 7. Nc3 O-O 8.
Be2 d6 9. O-O Bd7 10. Qd2 Nxd4 11. Bxd4 Bc6 12. Bd3 a5 13. Rae1 a4 14. Kh1 Qa5
15. f4 e5 16. Be3 exf4 17. Bxf4 Ng4 18. Be2 Ne5 19. a3 Qc5 20. Qc1 Nxc4 21.
Nxa4 Rxa4 22. b4 Qd4 23. Bxc4 Be5 24. Bh6 Bg7 25. Bxg7 Kxg7 26. Rf4 Qe5 27.
Ref1 f6 28. b5 Bxb5 29. Bxb5 Qxb5 30. Qc7+ Rf7 31. Qxd6 Rxe4 32. R4f3 f5 33. h3
Rd7 34. Qg3 Qe5 35. Qg5 h6 36. Qc1 Re2 37. Qc8 Qc7 38. Qa8 Rd8 39. Qa7 Rde8 40.
Rb3 R8e7 41. Qd4+ Qe5 42. Qa7 Qd5 43. Rg3 Qe5 44. Rff3 Re1+ 45. Kh2 Qa1 46.
Rxg6+ Kxg6 47. Qb6+ R1e6 48. Qd8 Re8 49. Rg3+ Kh7 50. Qd7+ R8e7 51. Qc8 Qh8 52.
Qc2 Qf6 53. Rf3 Re5 54. Qc8 Qe6 55. Qf8 Qf7 56. Qc8 f4 57. Qc2+ Qf5 58. Qd2 Re2
59. Qd1 Qg6 60. Qf1 R7e3 61. Rxf4 Qg3+ 62. Kh1 Re1 63. Rf7+ Kg6 64. Rf6+ Kg5
65. h4+ Qxh4+ 0-1

[Event "Benidorm 2003 - sub2300"]
[Site "Benidorm ESP"]
[Date "2003.11.22"]
[Round "2.35"]
[White "Christensen, Esben"]
[Black "Castillo Gallego, Sergio"]
[Result "1/2-1/2"]
[WhiteElo "2083"]
[BlackElo "2204"]
[PlyCount "84"]
[EventDate "2003.11.21"]
[EventType "swiss"]
[EventRounds "9"]
[EventCountry "ESP"]
[Source "lmi"]
[SourceDate "2003.11.21"]

1. e4 e5 2. Nf3 Nc6 3. Bc4 Nf6 4. d3 h6 5. c3 d6 6. O-O g6 7. Re1 Bg7 8. Nbd2
O-O 9. Nf1 Nh5 10. d4 exd4 11. Nxd4 Nxd4 12. cxd4 c6 13. Be3 Nf6 14. Bd3 Ng4
15. Be2 Nxe3 16. fxe3 c5 17. Qd2 f5 18. Bc4+ Kh8 19. exf5 Bxf5 20. Ng3 cxd4 21.
Nxf5 Rxf5 22. exd4 Qh4 23. Rad1 Rh5 24. g3 Rg5 25. Qg2 Qg4 26. Be6 Qh5 27. Qxb7
Rf8 28. Qg2 Rb5 29. Rd3 Rb4 30. Qd2 Qb5 31. b3 Qb6 32. Re4 Rd8 33. Bf7 d5 34.
Re6 Qb8 35. Rxg6 Rb6 36. Re3 Rxg6 37. Bxg6 Qb6 38. Re8+ Rxe8 39. Bxe8 Qe6 40.
Bb5 Qe4 41. Qg2 Bxd4+ 42. Kh1 Qe1+ 1/2-1/2

[Event "Benidorm 2003 - sub2300"]
[Site "Benidorm ESP"]
[Date "2003.11.22"]
[Round "2.36"]
[White "Agayev, Nidjat"]
[Black "Sarto Ramos, Angel"]
[Result "1-0"]
[WhiteElo "2203"]
[BlackElo "2067"]
[PlyCount "48"]
[EventDate "2003.11.21"]
[EventType "swiss"]
[EventRounds "9"]
[EventCountry "ESP"]
[Source "lmi"]
[SourceDate "2003.11.21"]

1. d4 g6 2. e4 c6 3. Nf3 d6 4. Be2 Bg7 5. O-O Nf6 6. Nc3 O-O 7. a4 Qc7 8. h3 e5
9. Be3 a6 10. Qd2 Re8 11. dxe5 dxe5 12. Rfd1 Nbd7 13. a5 Nf8 14. Bb6 Qb8 15.
Bc4 Be6 16. Qe2 Nh5 17. Bxe6 Nxe6 18. Qc4 Qc8 19. Ne2 Nhf4 20. Nxf4 exf4 21. c3
Bf6 22. e5 Bd8 23. Rd6 Bc7 24. Bxc7 Qxc7 1-0

[Event "Benidorm 2003 - sub2300"]
[Site "Benidorm ESP"]
[Date "2003.11.22"]
[Round "2.37"]
[White "Dura Olmos, Gines Raul"]
[Black "Buxade Roca, Guillermo"]
[Result "0-1"]
[WhiteElo "2056"]
[BlackElo "2202"]
[PlyCount "81"]
[EventDate "2003.11.21"]
[EventType "swiss"]
[EventRounds "9"]
[EventCountry "ESP"]
[Source "lmi"]
[SourceDate "2003.11.21"]

1. e4 c5 2. Nf3 Nc6 3. d4 cxd4 4. Nxd4 Nf6 5. Nc3 e5 6. Ndb5 d6 7. Bg5 a6 8.
Na3 b5 9. Nd5 Be7 10. Bxf6 Bxf6 11. c3 Bg5 12. h4 Bh6 13. g4 Bf4 14. Nxb5 axb5
15. Bxb5 Bb7 16. Nb4 Qc7 17. Qd5 Rc8 18. Rd1 O-O 19. Bxc6 Bxc6 20. Nxc6 Qxc6
21. Qxc6 Rxc6 22. Rh3 Ra8 23. Rhd3 Rxa2 24. Rxd6 Rxd6 25. Rxd6 g6 26. b4 Rc2
27. Rd3 Rb2 28. Rd5 Kf8 29. b5 Ke7 30. c4 h6 31. Rd3 Rc2 32. Ra3 Rxc4 33. Ra7+
Kf6 34. Ra6+ Kg7 35. Ke2 Rxe4+ 36. Kd3 Rb4 37. b6 Rb2 38. Kc3 Rxf2 39. b7 e4
40. Ra4 Be5+ 41. Kb3 0-1

[Event "Benidorm 2003 - sub2300"]
[Site "Benidorm ESP"]
[Date "2003.11.22"]
[Round "2.38"]
[White "Ortells Perez, Victor"]
[Black "Monserrat Castells, Julio"]
[Result "1-0"]
[WhiteElo "2201"]
[BlackElo "2055"]
[PlyCount "53"]
[EventDate "2003.11.21"]
[EventType "swiss"]
[EventRounds "9"]
[EventCountry "ESP"]
[Source "lmi"]
[SourceDate "2003.11.21"]

1. e4 e6 2. d3 d5 3. Nd2 Nf6 4. Ngf3 Nc6 5. Be2 Be7 6. O-O O-O 7. c3 Re8 8. e5
Nd7 9. d4 f6 10. exf6 Bxf6 11. Qb3 Na5 12. Qa4 Nc6 13. Bb5 Ncb8 14. Re1 c6 15.
Bd3 Nf8 16. Nf1 Nbd7 17. Bf4 Qe7 18. Ng3 Qf7 19. Re2 Ng6 20. Bd6 Be7 21. Bxe7
Nf4 22. Bxh7+ Kh8 23. Bd6 Nxe2+ 24. Nxe2 Nf6 25. Bd3 Bd7 26. Ne5 Qh5 27. Ng3
1-0

[Event "Benidorm 2003 - sub2300"]
[Site "Benidorm ESP"]
[Date "2003.11.22"]
[Round "2.39"]
[White "Delgado Pico, Lluis"]
[Black "Serra Olives, Tomas"]
[Result "1-0"]
[WhiteElo "2052"]
[BlackElo "2200"]
[PlyCount "65"]
[EventDate "2003.11.21"]
[EventType "swiss"]
[EventRounds "9"]
[EventCountry "ESP"]
[Source "lmi"]
[SourceDate "2003.11.21"]

1. d4 Nf6 2. Nf3 d5 3. Bf4 c5 4. c3 Nc6 5. e3 e6 6. h3 Be7 7. Nbd2 O-O 8. Bd3
a6 9. a4 Bd7 10. Ne5 Nxe5 11. dxe5 Ne8 12. Qc2 g6 13. Nf3 b5 14. axb5 Bxb5 15.
Bxb5 axb5 16. O-O Ng7 17. e4 dxe4 18. Qxe4 Qd5 19. Qe2 Qb3 20. Rfd1 Nf5 21. g4
Rxa1 22. Rxa1 Nh4 23. Ra7 Qd5 24. Nxh4 Bxh4 25. g5 Rd8 26. Ra1 Qb3 27. Rf1 b4
28. Qg4 Qxb2 29. cxb4 Rd4 30. Qxh4 Qxb4 31. Ra1 h5 32. gxh6 Qb7 33. Qf6 1-0

[Event "Benidorm 2003 - sub2300"]
[Site "Benidorm ESP"]
[Date "2003.11.22"]
[Round "2.40"]
[White "Planas, Juan"]
[Black "Yanez Acin, Gonzalo"]
[Result "1-0"]
[WhiteElo "2199"]
[BlackElo "2014"]
[PlyCount "89"]
[EventDate "2003.11.21"]
[EventType "swiss"]
[EventRounds "9"]
[EventCountry "ESP"]
[Source "lmi"]
[SourceDate "2003.11.21"]

1. d4 Nf6 2. c4 e5 3. dxe5 Ng4 4. e4 Nxe5 5. f4 Bb4+ 6. Bd2 Bxd2+ 7. Qxd2 Ng6
8. Nf3 d6 9. Nc3 Bg4 10. Be2 Nc6 11. O-O O-O 12. Rad1 a6 13. Nd5 Rc8 14. f5
Bxf3 15. Bxf3 Nge5 16. f6 Kh8 17. fxg7+ Kxg7 18. Be2 Qh4 19. Rf4 Qh6 20. Rdf1
Kh8 21. Qc3 Qg7 22. b4 Ng6 23. Rf6 Nce5 24. Qe3 Nd7 25. R6f2 Nde5 26. h4 Rfe8
27. Rf5 c6 28. Nf6 Re6 29. h5 Ne7 30. Rg5 Qh6 31. Qf4 Rf8 32. c5 dxc5 33. Rxe5
Qxf4 34. Rxf4 Rxe5 35. Nd7 Nd5 36. exd5 Rxe2 37. Nxf8 cxd5 38. bxc5 Rxa2 39.
Nd7 Kg7 40. Rg4+ Kh6 41. Nf6 Ra1+ 42. Kf2 Rc1 43. Ke3 Rxc5 44. Kf4 Rc8 45. Rg5
1-0

[Event "Benidorm 2003 - sub2300"]
[Site "Benidorm ESP"]
[Date "2003.11.22"]
[Round "2.41"]
[White "Peters, Paul"]
[Black "Burriel Rosello, Carlos"]
[Result "0-1"]
[WhiteElo "1987"]
[BlackElo "2197"]
[PlyCount "62"]
[EventDate "2003.11.21"]
[EventType "swiss"]
[EventRounds "9"]
[EventCountry "ESP"]
[Source "lmi"]
[SourceDate "2003.11.21"]

1. Nc3 d5 2. e4 dxe4 3. Nxe4 e5 4. Ng3 Nf6 5. Bc4 Bc5 6. d3 h6 7. Nf3 O-O 8.
O-O Re8 9. h3 a6 10. Re1 Nc6 11. a3 b5 12. Ba2 a5 13. Bd2 Qd6 14. Qc1 Re7 15.
Ne4 Nxe4 16. dxe4 Qg6 17. Be3 Nd4 18. Bxd4 exd4 19. Qf4 Bxh3 20. Nh4 Qg4 21.
Qxg4 Bxg4 22. Ng6 Ree8 23. Bd5 c6 24. Ba2 Bd6 25. f4 Bh5 26. e5 Bc5 27. b4 axb4
28. f5 d3+ 29. Kh2 d2 30. Rf1 Be3 31. e6 fxg6 0-1

[Event "Benidorm 2003 - sub2300"]
[Site "Benidorm ESP"]
[Date "2003.11.22"]
[Round "2.44"]
[White "Khazankin, Moisei"]
[Black "Rodriguez Cordon, Luis"]
[Result "0-1"]
[WhiteElo "2040"]
[BlackElo "2271"]
[PlyCount "42"]
[EventDate "2003.11.21"]
[EventType "swiss"]
[EventRounds "9"]
[EventCountry "ESP"]
[Source "lmi"]
[SourceDate "2003.11.21"]

1. e4 c5 2. Nc3 Nc6 3. Bb5 g6 4. Bxc6 bxc6 5. Nge2 Bg7 6. d3 d6 7. Be3 Rb8 8.
Rb1 e5 9. O-O Ne7 10. Qd2 O-O 11. b3 f5 12. Bh6 f4 13. Bxg7 Kxg7 14. f3 g5 15.
g4 h5 16. h3 Rh8 17. Kf2 Kg6 18. Rh1 Rh6 19. Rbg1 Qh8 20. a4 hxg4 21. hxg4 Rh4
0-1

[Event "Benidorm 2003 - sub2300"]
[Site "Benidorm ESP"]
[Date "2003.11.22"]
[Round "2.45"]
[White "Ballesteros Gonzalez, David"]
[Black "Pizarro Segura, Eduardo"]
[Result "1-0"]
[WhiteElo "2259"]
[BlackElo "2147"]
[PlyCount "121"]
[EventDate "2003.11.21"]
[EventType "swiss"]
[EventRounds "9"]
[EventCountry "ESP"]
[Source "lmi"]
[SourceDate "2003.11.21"]

1. d4 Nf6 2. Nf3 e6 3. c4 b6 4. g3 Bb7 5. Bg2 Be7 6. O-O O-O 7. Nc3 Ne4 8. Qc2
Nxc3 9. Qxc3 d6 10. Qc2 f5 11. b4 Be4 12. Qb3 Bf6 13. Bb2 Nd7 14. Nd2 Bxg2 15.
Kxg2 c5 16. e3 Qc7 17. f4 Rfe8 18. Nf3 Rac8 19. Rac1 Qb7 20. Kg1 Qe4 21. Rcd1
cxb4 22. Nd2 Qc6 23. Qxb4 e5 24. fxe5 dxe5 25. d5 Qc5 26. Qxc5 Rxc5 27. Rxf5 g6
28. Rf3 Bg7 29. Ne4 Ra5 30. a3 Rc8 31. Nd6 Rf8 32. Rxf8+ Bxf8 33. Nb7 Ra4 34.
Rc1 e4 35. Kf2 g5 36. Ke2 h6 37. h3 Kf7 38. Nd8+ Kg6 39. Ne6 Bd6 40. g4 Ne5 41.
c5 bxc5 42. Bxe5 Bxe5 43. Nxc5 Ra5 44. Rc4 Rxa3 45. Rxe4 Ra2+ 46. Kd3 Bf6 47.
Ra4 Rxa4 48. Nxa4 Be7 49. Kd4 Kf6 50. e4 Bd6 51. Nc5 Be5+ 52. Kc4 Bh2 53. Nd3
Ke7 54. e5 Kd7 55. Nc5+ Kd8 56. Nd3 Kd7 57. Kb5 Kc7 58. d6+ Kd7 59. Kc5 Ke6 60.
Kc6 Bg1 61. Nc5+ 1-0

[Event "Benidorm 2003 - sub2300"]
[Site "Benidorm ESP"]
[Date "2003.11.22"]
[Round "2.46"]
[White "Bosque Ortega, Xavier"]
[Black "Straub, Peter"]
[Result "1/2-1/2"]
[WhiteElo "2258"]
[BlackElo "2128"]
[PlyCount "64"]
[EventDate "2003.11.21"]
[EventType "swiss"]
[EventRounds "9"]
[EventCountry "ESP"]
[Source "lmi"]
[SourceDate "2003.11.21"]

1. d4 Nf6 2. Nf3 e6 3. Bf4 c5 4. c3 cxd4 5. cxd4 Qb6 6. Qc1 Nc6 7. e3 d5 8. Nc3
Bd7 9. Be2 Rc8 10. O-O Ne4 11. Qb1 Nxc3 12. bxc3 Qxb1 13. Raxb1 Na5 14. Ne5 Ba4
15. Bb5+ Bxb5 16. Rxb5 b6 17. Rc1 Ba3 18. Rc2 Ke7 19. f3 f6 20. Nd3 Rhd8 21.
Bg3 Rc6 22. Be1 a6 23. Rb1 b5 24. Re2 Kf7 25. e4 Nc4 26. Nf4 Nb6 27. Nd3 Na4
28. Rb3 Bd6 29. exd5 exd5 30. Nb2 Nb6 31. Nd3 Na4 32. Nb2 Nb6 1/2-1/2

[Event "Benidorm 2003 - sub2300"]
[Site "Benidorm ESP"]
[Date "2003.11.22"]
[Round "2.47"]
[White "Roofdhooft, Marcel"]
[Black "Martin Rodriguez, Emilio"]
[Result "1-0"]
[WhiteElo "2257"]
[BlackElo "2125"]
[PlyCount "101"]
[EventDate "2003.11.21"]
[EventType "swiss"]
[EventRounds "9"]
[EventCountry "ESP"]
[Source "lmi"]
[SourceDate "2003.11.21"]

1. e4 c5 2. Nf3 Nf6 3. Nc3 d5 4. exd5 Nxd5 5. Bb5+ Nc6 6. d4 Nxc3 7. bxc3 Qd5
8. O-O Bg4 9. c4 Qh5 10. d5 O-O-O 11. h3 Bxf3 12. Qxf3 Qxf3 13. gxf3 Nd4 14.
Rd1 a6 15. Rxd4 cxd4 16. Ba4 e6 17. Bb3 Bc5 18. Bb2 Rhe8 19. Rd1 e5 20. Kf1 Rd6
21. c3 dxc3 22. Bxc3 Rh6 23. Ba4 Re7 24. Kg2 Kc7 25. Bc2 Rd6 26. Re1 f6 27.
Bxh7 Rd8 28. Bg6 Kd6 29. Rb1 Rh8 30. Bd2 b6 31. a4 a5 32. Kg3 Rc8 33. Bf5 Rf8
34. h4 g6 35. Bxg6 Rg7 36. h5 Rh8 37. Kg4 Bxf2 38. Kf5 Rc7 39. Rc1 Rhc8 40. h6
Rxc4 41. Rxc4 Rxc4 42. Kxf6 Rxa4 43. Be4 Bh4+ 44. Kg7 Rc4 45. h7 Rc7+ 46. Kg6
Rc8 47. f4 Bg3 48. f5 Bf4 49. Be1 a4 50. Bb4+ Kd7 51. Kg7 1-0

[Event "Benidorm 2003 - sub2300"]
[Site "Benidorm ESP"]
[Date "2003.11.22"]
[Round "2.49"]
[White "Bayon Fernandez, Rogelio"]
[Black "Correas Gonzalez, Jose Ramon"]
[Result "1/2-1/2"]
[WhiteElo "2196"]
[BlackElo "2107"]
[PlyCount "63"]
[EventDate "2003.11.21"]
[EventType "swiss"]
[EventRounds "9"]
[EventCountry "ESP"]
[Source "lmi"]
[SourceDate "2003.11.21"]

1. d4 Nf6 2. Nf3 g6 3. c4 Bg7 4. g3 O-O 5. Bg2 d6 6. O-O c6 7. Nc3 Qa5 8. e4 e5
9. d5 Qb4 10. Qb3 Qxb3 11. axb3 Na6 12. Rd1 c5 13. Ne1 Ne8 14. Nd3 f5 15. Nb5
Bd7 16. Nc3 Nec7 17. Be3 Rf7 18. Ra5 Nb4 19. Nxb4 cxb4 20. Nb5 Bxb5 21. cxb5 b6
22. Ra4 f4 23. Bd2 Nxb5 24. Bxb4 Bf8 25. Bc3 fxg3 26. hxg3 Rc7 27. Rd3 Rac8 28.
Bh3 Nxc3 29. Bxc8 Nxa4 30. Be6+ Kg7 31. bxa4 Be7 32. Rc3 1/2-1/2

[Event "Benidorm 2003 - sub2300"]
[Site "Benidorm ESP"]
[Date "2003.11.22"]
[Round "2.50"]
[White "Gimeno Martos, Roberto"]
[Black "Cano Gimenez, Vicente"]
[Result "0-1"]
[WhiteElo "2131"]
[BlackElo "2178"]
[PlyCount "56"]
[EventDate "2003.11.21"]
[EventType "swiss"]
[EventRounds "9"]
[EventCountry "ESP"]
[Source "lmi"]
[SourceDate "2003.11.21"]

1. e4 c5 2. Nf3 Nc6 3. d3 g6 4. g3 Bg7 5. Bg2 d6 6. O-O e5 7. h4 Bg4 8. c3 Qd7
9. Kh2 Nge7 10. Be3 O-O 11. Qd2 f5 12. Ng1 f4 13. f3 fxe3 14. Qxe3 Be6 15. Nd2
b6 16. Nh3 h6 17. f4 Rae8 18. Rae1 Kh8 19. h5 exf4 20. gxf4 gxh5 21. f5 Nxf5
22. exf5 Bxf5 23. Qf3 Rxe1 24. Rxe1 Ne5 25. Qe2 Bxd3 26. Qd1 Qg4 27. Ne4 Nf3+
28. Bxf3 Be5+ 0-1

[Event "Benidorm 2003 - sub2300"]
[Site "Benidorm ESP"]
[Date "2003.11.22"]
[Round "2.51"]
[White "Ingunza Lopez, Txema"]
[Black "Ivanov, Alexander V"]
[Result "1/2-1/2"]
[WhiteElo "1997"]
[BlackElo "2176"]
[PlyCount "111"]
[EventDate "2003.11.21"]
[EventType "swiss"]
[EventRounds "9"]
[EventCountry "ESP"]
[Source "lmi"]
[SourceDate "2003.11.21"]

1. e4 e5 2. Nf3 Nc6 3. Bb5 a6 4. Bxc6 dxc6 5. O-O f6 6. d4 Bg4 7. dxe5 Qxd1 8.
Rxd1 fxe5 9. Rd3 Bd6 10. b3 O-O-O 11. Bb2 Re8 12. Nbd2 b5 13. a4 Kb7 14. Ng5
Bh5 15. axb5 cxb5 16. Nf1 Nf6 17. Ng3 Bg6 18. Re1 Rhf8 19. Nf3 Nh5 20. Nh4 Nf4
21. Rdd1 Bc5 22. Nf3 Nh3+ 23. gxh3 Rxf3 24. Re2 Ref8 25. Rf1 Bd4 26. Bxd4 exd4
27. b4 Bf7 28. Rd2 Bc4 29. Rfd1 g6 30. Rxd4 Rxf2 31. R1d2 R2f3 32. Rd7 h5 33.
h4 R8f4 34. Rg7 Be6 35. Kg2 Bf7 36. h3 Kc6 37. Nh1 Kb7 38. Rd7 Kc8 39. Rd2 Be8
40. Rg8 Rf8 41. Rxf8 Rxf8 42. Rf2 Rg8 43. Rf6 Kb7 44. Kf3 g5 45. hxg5 Rxg5 46.
Nf2 Rg1 47. Ke3 Rg3+ 48. Kd4 Bd7 49. Nd3 Bxh3 50. Nc5+ Kb8 51. Nxa6+ Kc8 52.
Nc5 Kd8 53. Rh6 Rg5 54. Rh8+ Ke7 55. Rh7+ Kd8 56. Rh8+ 1/2-1/2

[Event "Benidorm 2003 - sub2300"]
[Site "Benidorm ESP"]
[Date "2003.11.22"]
[Round "2.52"]
[White "Montell Zabay, Alberto"]
[Black "Alonso Jimenez, Joan"]
[Result "1-0"]
[WhiteElo "2163"]
[BlackElo "2072"]
[PlyCount "83"]
[EventDate "2003.11.21"]
[EventType "swiss"]
[EventRounds "9"]
[EventCountry "ESP"]
[Source "lmi"]
[SourceDate "2003.11.21"]

1. e4 e5 2. Nf3 Nc6 3. Bb5 Nge7 4. O-O g6 5. d4 exd4 6. Nxd4 Bg7 7. Be3 O-O 8.
Nc3 d6 9. f4 a6 10. Be2 Nxd4 11. Bxd4 Nc6 12. Bxg7 Kxg7 13. f5 Bd7 14. f6+ Kh8
15. Qd2 Rg8 16. Bd3 Qf8 17. Nd5 Rc8 18. Rf2 Be6 19. Raf1 Bxd5 20. exd5 Ne5 21.
h3 Nxd3 22. Qxd3 Qh6 23. Re2 g5 24. Qf5 Qg6 25. Re7 h6 26. g4 Qxf5 27. gxf5
Rgf8 28. c4 a5 29. Rfe1 b6 30. Rd7 Kg8 31. b3 a4 32. Ree7 c6 33. Rxd6 axb3 34.
axb3 cxd5 35. cxd5 Rc2 36. Rc6 Rb2 37. Rec7 Rxb3 38. d6 Rd3 39. Rxb6 Rd2 40. d7
Rd8 41. Rbb7 Kh7 42. Kf1 1-0

[Event "Benidorm 2003 - sub2300"]
[Site "Benidorm ESP"]
[Date "2003.11.22"]
[Round "2.54"]
[White "Cardenas Valero, Joaquin"]
[Black "Carrascosa Campos, Juan Luis"]
[Result "1-0"]
[WhiteElo "2299"]
[BlackElo "2006"]
[PlyCount "147"]
[EventDate "2003.11.21"]
[EventType "swiss"]
[EventRounds "9"]
[EventCountry "ESP"]
[Source "lmi"]
[SourceDate "2003.11.21"]

1. e4 Nf6 2. Nc3 d5 3. e5 d4 4. exf6 dxc3 5. bxc3 exf6 6. d4 Bd6 7. Bd3 Nc6 8.
h3 Be6 9. Ne2 Na5 10. O-O h6 11. Nf4 Bxf4 12. Bxf4 O-O 13. Qf3 f5 14. Qg3 Nc4
15. Bxh6 Qf6 16. Bg5 Qg6 17. Rfe1 Nb2 18. Bf1 Nc4 19. Qh4 Rfe8 20. Bd3 Nb2 21.
Be2 Bd5 22. Bh5 Qc6 23. Qg3 Rxe1+ 24. Rxe1 Re8 25. Rxe8+ Qxe8 26. Bf6 Qf8 27.
Be5 Nc4 28. Bxc7 Qe7 29. Kh2 Nd2 30. Qe5 Qxe5+ 31. dxe5 Bxa2 32. Kg3 g6 33. Bf3
Nxf3 34. Kxf3 Kf8 35. Ke3 Ke7 36. Kd4 Kd7 37. Bd6 Kc6 38. c4 b5 39. cxb5+ Kxb5
40. f3 Bc4 41. Ke3 Bf1 42. Kf2 Bc4 43. g4 fxg4 44. fxg4 Kc6 45. h4 f6 46. Bb8
fxe5 47. Bxa7 Bd5 48. Ke3 Kd6 49. h5 gxh5 50. gxh5 Bf7 51. h6 Bg6 52. c4 Bh7
53. Kf3 e4+ 54. Kf4 Ke6 55. Bd4 Kd6 56. Kg5 Ke6 57. Kg4 Bf5+ 58. Kh5 Bh7 59.
Kg5 Ke7 60. Be3 Ke6 61. Bf4 Ke7 62. Kh4 Ke6 63. Kg4 Ke7 64. Kg3 Ke6 65. Kf2 Kd7
66. Ke3 Kc6 67. Kf2 Kd7 68. Ke3 Kc6 69. Kd4 Bg6 70. c5 Bh7 71. Be3 Kd7 72. Ke5
Ke7 73. Bg5+ Kd7 74. Kf6 1-0

[Event "Benidorm 2003 - sub2300"]
[Site "Benidorm ESP"]
[Date "2003.11.22"]
[Round "2.55"]
[White "Van Hoolandt, Patrick"]
[Black "Ruiz Marana, Alejandro"]
[Result "0-1"]
[WhiteElo "2272"]
[BlackElo "2089"]
[PlyCount "82"]
[EventDate "2003.11.21"]
[EventType "swiss"]
[EventRounds "9"]
[EventCountry "ESP"]
[Source "lmi"]
[SourceDate "2003.11.21"]

1. c4 Nf6 2. Nf3 d6 3. Nc3 Nbd7 4. d4 e5 5. e4 Be7 6. Be2 O-O 7. O-O c6 8. b3
Re8 9. Bb2 Bf8 10. Qc2 a6 11. a4 a5 12. d5 Nc5 13. Ba3 Nfd7 14. b4 axb4 15.
Bxb4 Na6 16. Ba3 Ndc5 17. Ne1 Qg5 18. Nd3 Bh3 19. Bf3 Rad8 20. Rfb1 Bc8 21. a5
Qg6 22. g3 f5 23. Nxc5 Nxc5 24. Bxc5 dxc5 25. Qe2 Qf7 26. exf5 e4 27. Bh5 g6
28. fxg6 hxg6 29. Bg4 Bg7 30. Bxc8 Rxc8 31. Ra3 Bd4 32. Rab3 Qf5 33. dxc6 bxc6
34. Nd1 Rf8 35. Ne3 Qf6 36. a6 Ra8 37. Ra3 Ra7 38. Rb7 Rf7 39. Rxa7 Rxa7 40.
Ng4 Qe6 41. Qxe4 Qxe4 0-1